00546nam a2200157Ia 4500100002000000942000700020654001200027245003300039260003300072082001800105300000800123546001200131999001700143952011400160952011400274 aHayt/William H  cBK acircuit aEngineering Circuit Analysis bMc Graw HillaNew Yorkc1993 a621.3192bHAY a706 aENGLISH c24562d24562 001040708CRCaCRCEbCRCEc1425 | 24d2023-03-17g113.70l0o621.3192 HAYp1967r2023-03-17w2023-03-17yBK 001040708CRCaCRCEbCRCEc1425 | 24d2023-03-17g113.70l0o621.3192 HAYp1968r2023-03-17w2023-03-17yBK